007140000a220013300045001000030000002450068000303000047000985000053001455200222001987730045004209420008004659520090004739990017005631 aSaravia Ríos, Elizabeth10aMemoria enlatada : Nuevo centro de conservación para Bogotá aVol.0, núm.10 (Julio, 2006), Página 23 aPeriodista y especialista en gestión cultural. aLa fundación Patrimonio Fílmico Colombiano se ha encargado de preservar un acervo de 180.000 documentos visuales y el próximo año la ciudad contará con un Centro de Conservación de Registros Audiovisuales.0 tArcadia / Andrés Felipe Solano, Editor cANA 001040708HEMaFUSBCbFUSBCd2016-01-26l0o r2016-01-26 00:00:00w2016-01-26yANA c61802d61802